| 000 | 01210aam a2200301 i 4500 | ||
|---|---|---|---|
| 001 | 18442 | ||
| 003 | CO-MdBIC | ||
| 005 | 20230201101238.0 | ||
| 008 | 211002t2012 ck ||||| |||| 00| 0 eng d | ||
| 020 | _a978-958-42-3023-2 | ||
| 040 |
_bspa. _aCO-MdFUSB _cCO-MdFUSB _dCO-MdFUSBC _erda |
||
| 041 | _aspa | ||
| 082 | 0 | 4 | _aR 415 R2881o |
| 110 | 1 | _aReal Academia Española | |
| 245 | 1 | 0 |
_aOrtografía Básica de la lengua española _c / Real Academia Española |
| 260 | _aBogotá, Colombia : Planeta | ||
| 264 | 1 |
_aBogotá, Colombia : _bEditorial Planeta Colombiana, _c[2012] |
|
| 264 | 4 | _c© 2012 | |
| 300 |
_a228 páginas _c; |
||
| 336 |
_2rdacontent _atexto _btxt |
||
| 337 |
_2rdamedia _asin mediación _bn |
||
| 338 |
_2rdacarrier _avolumen _bnc |
||
| 501 | _arústico | ||
| 505 | _aPresentación -- Información preliminar -- Abreviaturas y signos -- Uso de las letras -- Uso de la tilde -- Uso de los signos ortográficos -- Uso de las mayúsculas -- Unión y separación y otros elementos en la escritura -- Abreviaciones gráficas y símbolos -- Ortografía de expresiones que plantean dificultades específicas -- Apéndices | ||
| 653 | _aOrtografía | ||
| 942 | _cBK | ||
| 945 | _aEstudiante | ||
| 999 |
_c44878 _d44878 |
||